Sports Quiz

Random Sports or Football Quiz

Michigan Basketball's Fab Five Quiz Stats

 Plays Quiz Updated Nov 18, 2015

Score 0/5 Timer 01:00
0 Plays Today
Position Player % Correct
PFChris Webber
95.9%
PGJalen Rose
92.9%
CJuwan Howard
79.2%
SFJimmy King
61.8%
SGRay Jackson
55.2%

You're not logged in!

Compare scores with friends on all Sporcle quizzes.
OR
Log In

Sporcle TV

Today on Sporcle TV


Watch our educational content, quiz creation guides, and fun videos on Sporcle TV.

Show Comments

Extras

Top Quizzes Today


Score Distribution

Your Account Isn't Verified!

In order to create a playlist on Sporcle, you need to verify the email address you used during registration. Go to your Sporcle Settings to finish the process.

Report this User

Report this user for behavior that violates our Community Guidelines.

Details: